000 00481cam a22002051 4500
001 sa 64007320
003 DLC
005 20260227112045.0
008 831213s1963 xx 000 0 maro
010 _asa 64007320
035 _a(OCoLC)16763254
040 _aDLC
_cOrPS
_dDLC
042 _apremarc
050 0 0 _aPK2418.B328
_bI2
100 1 _aBāvakara, Purushottama Vāmana.
245 1 0 _aIblisa.
260 _c[1963]
300 _a110 p.
_c19 cm.
500 _aRomanized.
999 _c60169
_d60169